Every Terrifying Tower in Eternal Towers of Hell - Statistics

General Stats
  • This quiz has been taken 38 times
  • The average score is 8 of 11
Answer Stats
Area Tower % Correct
Ring 4 Tower of {Inception}
100%
Ring 5 Tower of {Frightening Nightmares}
91%
Ring 6 Tower of {Impossible Movement}
82%
Ring 9 Tower of {Nervous Sweating}
82%
Ring 9 Tower of {Journey’s End}
73%
Zone 6 Tower of {Micro Management}
73%
Zone 5 Tower of {Alien Radiance}
64%
Zone 7 Tower of {Fractured Memories}
64%
Zone 7 Tower of {Uncanny Agony}
55%
Zone 9 Tower of {Wildly Wacky Wonders}
55%
Zone 10 Tower of {Complexity and Volatility}
45%
No matching quizzes found
Score Distribution
Percent of People with Each Score
Percentile by Number Answered
Your Score History
You have not taken this quiz